| 000 | 00628nab a2200181 4500 | ||
|---|---|---|---|
| 001 | 244442 | ||
| 003 | OSt | ||
| 005 | 20241121084616.0 | ||
| 007 | tu | ||
| 008 | 200917s2020||||||| | ||
| 040 |
_aDE-2950 _cDE-2950 |
||
| 245 | 0 | 0 |
_aKeine Wende ohne Solidarnosc _bGedenken. In der Konzerthalle wurde mit hochrangigen Gästen an den Mauerfall von 1989 erinnert. Warum das auch ein erinnerungspolitischer Fingerzeigt war/ _cThomas Gutke |
| 264 | _c2024 | ||
| 653 | _aFrankfurt (Oder) | ||
| 653 | _aJahrestag Mauerfall | ||
| 773 | 0 |
_g35. Jahrgang (2024) Nr. 263 vom 11.11.2024, S. 13 mit Foto _tMärkische Oderzeitung |
|
| 942 |
_2z _cA |
||
| 999 |
_c373460 _d373460 |
||